00402nam a2200133 a 4500008004100000020001500041050001600056100001800072245007100090250002000161260005600181300002200237350000900259120416s1988 ||||||||||||||||| || u a3908001099 aTH 7697 Stu aStulz, Roland10aAppropriate building materials: a catalogue of potential solutions aRev. & enl. ed. aLondon:bIntermediate Technology Publicationsc1988 axii, 430p. : ill. a0.00